Name der Bundesligastadien 2023/24 - Statistiken

Allgemein
  • Dieses Quiz wurde 131 mal gespielt
  • Das Durchschnittsergebnis liegt bei 10 aus 18
Antwortstatistiken
Verein Stadionname % Korrekt
FC Bayern München Allianz Arena
100%
Borussia Dortmund Signal Iduna Park
90%
RB Leipzig Red Bull Arena
87%
Bayer 04 Leverkusen BayArena
82%
Borussia Mönchengladbach Borussia-Park
64%
VfL Wolfsburg Volkswagen Arena
62%
1. FC Köln RheinEnergieStadion
61%
Eintracht Frankfurt Deutsche Bank Park
60%
1. FC Union Berlin Stadion an der alten Försterei
59%
SC Freiburg Europa-Park Stadion
49%
SV Werder Bremen Wohninvest Weserstadion
48%
FC Augsburg WWK Arena
41%
1. FSV Mainz 05 MEWA Arena
34%
TSG 1899 Hoffenheim PreZero Arena
34%
VfL Bochum Vonovia Ruhrstadion
31%
VfB Stuttgart MHPArena
21%
1. FC Heidenheim Voith-Arena
20%
SV Darmstadt 98 Merck-Stadion am Böllenfalltor
18%
Keine übereinstimmenden Quizze gefunden
Verteilung der Resultate
Anzahl Personen mit jedem Resultat
Perzentil nach korrekt beantworteten Fragen
Ihre Resultats-Entwicklung
Sie haben dieses Quiz noch nicht gespielt